[Event "SR 3. liga A2 2016/2017"]
[Site "?"]
[Date "2016.12.11"]
[Round "5.5"]
[White "Doucha, Ludvig"]
[Black "Blaho, Stefan"]
[Result "0-1"]
[WhiteElo "1932"]
[BlackElo "2008"]
[PlyCount "108"]
[EventDate "2016.??.??"]

1. e4 c5 2. c4 Nc6 3. Ne2 Nf6 4. Nbc3 e6 5. Nf4 b6 6. d3 Bd6 7. g3 Bb7 8. Bg2
O-O 9. O-O Qb8 10. Be3 Be5 11. Rc1 Bd4 12. Qd2 a6 13. b3 Qe5 14. Bxd4 Nxd4 15.
Qd1 Rfd8 16. Re1 Bc6 17. Nce2 Nxe2+ 18. Nxe2 Qh5 19. Nf4 Qxd1 20. Rcxd1 e5 21.
Ne2 d6 22. f4 Re8 23. f5 b5 24. Nc3 b4 25. Ne2 a5 26. Bf3 a4 27. Nc1 axb3 28.
axb3 Ra3 29. g4 h6 30. h4 g5 31. hxg5 hxg5 32. Kg2 Kg7 33. Rh1 Rea8 34. Kg3 Ra1
35. Ne2 R1a2 36. Nc1 Rb2 37. Rh2 Rb1 38. Rdh1 Raa1 39. Rc2 Bd7 40. Rd1 Ng8 41.
Kf2 Ne7 42. Ke1 Ra3 43. Ra2 Rxc1 44. Rxa3 Rxd1+ 45. Kxd1 bxa3 46. Kc2 Nc6 47.
Kb1 Nb4 48. Be2 Kf6 49. Bf1 Ke7 50. Be2 Kd8 51. Bf1 Kc7 52. Be2 Kb6 53. Bf1 Ka5
54. Be2 Nc6 0-1

[Event "SR 3. liga A2 2016/2017"]
[Site "?"]
[Date "2016.12.11"]
[Round "5.5"]
[White "Rachela, Jozef"]
[Black "Bukovsky, Milan"]
[Result "1-0"]
[WhiteElo "2031"]
[BlackElo "1921"]
[PlyCount "120"]
[EventDate "2016.??.??"]

1. e4 e5 2. Nf3 Nc6 3. Bb5 a6 4. Ba4 Nf6 5. O-O Be7 6. Re1 b5 7. Bb3 O-O 8. h3
d6 9. c3 Na5 10. Bc2 c5 11. d4 Qc7 12. d5 h6 13. Nbd2 Nh7 14. Nf1 f5 15. exf5
Bxf5 16. Ng3 Bxc2 17. Qxc2 Qd7 18. b3 c4 19. Be3 Rac8 20. b4 Nb7 21. a3 Kh8 22.
Rad1 Rf6 23. Nh4 Rcf8 24. Ng6+ Rxg6 25. Qxg6 Rf6 26. Qh5 Nd8 27. Ne4 Rf8 28.
Qg6 Qf5 29. Qxf5 Rxf5 30. Ra1 Rf8 31. a4 Nf6 32. Nxf6 Bxf6 33. axb5 axb5 34.
Ra5 Nf7 35. Rxb5 Ng5 36. f3 Nf7 37. Ra5 Kh7 38. Bd2 Rb8 39. Re4 Rc8 40. Ra6 Kg6
41. Kf2 Rc7 42. Rc6 Rb7 43. Ra6 Rc7 44. Re1 Rb7 45. Rea1 Bd8 46. Be3 Rb5 47.
Rd1 Rb8 48. Rc6 Ra8 49. Rxc4 Ra2+ 50. Rd2 Ra3 51. Rc6 Rb3 52. Rc2 Kf5 53. Ra6
g5 54. Ra7 Kg6 55. Ke2 Bf6 56. Kd3 h5 57. Ra1 e4+ 58. Kc4 Bxc3 59. Rxc3 Rb2 60.
fxe4 Ne5+ 1-0

[Event "SR 3. liga A2 2016/2017"]
[Site "?"]
[Date "2016.12.11"]
[Round "5.5"]
[White "Bahna, Jan"]
[Black "Bugar, Peter"]
[Result "0-1"]
[WhiteElo "1865"]
[BlackElo "1893"]
[PlyCount "106"]
[EventDate "2016.??.??"]

1. e4 e6 2. d4 d5 3. Nd2 c5 4. exd5 Qxd5 5. dxc5 Bxc5 6. Ngf3 Nf6 7. Bc4 Qd8 8.
O-O O-O 9. Nb3 Be7 10. Bg5 Qc7 11. Qe2 b6 12. Rad1 Bb7 13. Rfe1 Nc6 14. c3 Rfe8
15. Bh4 Rad8 16. Nbd4 Nxd4 17. Nxd4 Ne4 18. Bxe7 Qxe7 19. Qg4 Nf6 20. Qh3 Qc5
21. Bb3 Rd6 22. Qe3 b5 23. h3 Nd5 24. Qe2 a6 25. Qg4 Red8 26. Qg3 a5 27. a3 b4
28. axb4 axb4 29. Re5 bxc3 30. bxc3 Qxc3 31. Bxd5 Qxg3 32. fxg3 Rxd5 33. Rxd5
Bxd5 34. Rd2 Kf8 35. Kf2 Ke7 36. Ne2 f6 37. g4 e5 38. Nc3 Be6 39. Rxd8 Kxd8 40.
Ke3 Ke7 41. Ke4 Bc8 42. g3 Bb7+ 43. Ke3 Bc6 44. Nd1 Ke6 45. h4 g6 46. Nf2 Bg2
47. Nd3 Kd5 48. Nf2 e4 49. Nd1 Bf3 50. Nf2 Ke5 51. g5 fxg5 52. hxg5 Kf5 53. Nh3
Kg4 0-1

[Event "SR 3. liga A2 2016/2017"]
[Site "?"]
[Date "2016.12.11"]
[Round "5.5"]
[White "Matis, Tibor ml"]
[Black "Krist, Milan"]
[Result "1-0"]
[WhiteElo "1805"]
[BlackElo "1852"]
[PlyCount "117"]
[EventDate "2016.??.??"]

1. e4 e6 2. d4 d5 3. Nd2 dxe4 4. Nxe4 Nd7 5. Nf3 Ngf6 6. Ng3 b6 7. Bd3 Bb7 8.
O-O Be7 9. Re1 O-O 10. Qe2 Bd6 11. Bg5 Re8 12. Ne5 Be7 13. Nxf7 Kxf7 14. Qxe6+
Kf8 15. Bc4 Bd5 16. Bxd5 Nxd5 17. Qxd5 Nf6 18. Qxd8 Raxd8 19. Nf5 Kf7 20. Rxe7+
Rxe7 21. Nxe7 Kxe7 22. Re1+ Kf7 23. Bxf6 Kxf6 24. c3 c5 25. Kf1 cxd4 26. cxd4
Rxd4 27. Ke2 Rd7 28. Rc1 Re7+ 29. Kf3 Rd7 30. Rc2 Rd3+ 31. Ke4 Rd7 32. b4 h6
33. a4 Ke6 34. Rc6+ Ke7 35. f3 Kf7 36. Ke5 Ke7 37. Rg6 Kf7 38. Rd6 Rc7 39. Kd5
Ke7 40. Re6+ Kd7 41. Rg6 Ke8 42. Kd6 Rf7 43. Kc6 Kf8 44. Kb5 Rd7 45. Kc6 Rf7
46. Rd6 Rf4 47. Kb5 Ke7 48. Rc6 Kd7 49. Rg6 Rf7 50. a5 bxa5 51. Kxa5 Kc7 52.
Ka6 Kc8 53. b5 Rf4 54. Kxa7 Rf7+ 55. Kb6 Kb8 56. Re6 Rb7+ 57. Kc5 Rf7 58. Kd6
Rf5 59. Kc6 1-0

[Event "SR 3. liga A2 2016/2017"]
[Site "?"]
[Date "2016.12.11"]
[Round "5.5"]
[White "Puskar, David"]
[Black "Mezes, Kristof"]
[Result "1-0"]
[WhiteElo "1726"]
[BlackElo "1456"]
[PlyCount "75"]
[EventDate "2016.??.??"]

1. c4 e6 2. Nc3 d5 3. cxd5 exd5 4. g3 Nf6 5. d4 Bb4 6. Bd2 Be6 7. Bg2 c6 8. Qb3
Qb6 9. e3 Nbd7 10. Nge2 O-O 11. O-O a5 12. Qc2 Rac8 13. Nf4 c5 14. Rfe1 Rfe8
15. a3 cxd4 16. exd4 Bxc3 17. bxc3 Qxd4 18. cxd4 Rxc2 19. Bxa5 Nf8 20. Rac1
Rec8 21. Rxc2 Rxc2 22. Rb1 Ra2 23. Bb4 N8d7 24. h3 h6 25. Be7 b6 26. Rc1 Rd2
27. Rc6 Rxd4 28. Bxf6 gxf6 29. Rd6 Rd1+ 30. Kh2 Rd2 31. Nxe6 fxe6 32. Rxd7 Rxf2
33. Rd6 Kf7 34. Rxb6 d4 35. Rd6 e5 36. Kg1 Ra2 37. Bd5+ Kg6 38. Bxa2 1-0

[Event "SR 3. liga A2 2016/2017"]
[Site "?"]
[Date "2016.12.11"]
[Round "5.6"]
[White "Sosna, Jan"]
[Black "Kozinka, Roman"]
[Result "1-0"]
[WhiteElo "2346"]
[BlackElo "2004"]
[PlyCount "75"]
[EventDate "2016.??.??"]

1. d4 Nf6 2. Nf3 g6 3. Bg5 Bg7 4. Nbd2 c5 5. e3 cxd4 6. exd4 O-O 7. Bd3 Nc6 8.
c3 d5 9. O-O Qc7 10. Re1 Bg4 11. h3 Be6 12. Nf1 a6 13. Qd2 Rfe8 14. Bh6 Nd7 15.
Bxg7 Kxg7 16. Ng5 Nf8 17. Ne3 Qd6 18. Nxe6+ Nxe6 19. Ng4 Qf4 20. Re3 h5 21. g3
Qd6 22. Ne5 Nxe5 23. Rxe5 Nc5 24. Bc2 Nd7 25. Re3 h4 26. g4 Rad8 27. Rae1 Qf4
28. Qd3 Qg5 29. Bb3 e6 30. Qf1 Nb6 31. f4 Qf6 32. f5 gxf5 33. gxf5 Qg5+ 34. Kh1
Rg8 35. fxe6 f5 36. Rf3 Kf6 37. e7 Rde8 38. Re5 1-0

[Event "SR 3. liga A2 2016/2017"]
[Site "?"]
[Date "2016.12.11"]
[Round "5.6"]
[White "Capanda, Jan"]
[Black "Sebesta, Radovan"]
[Result "1/2-1/2"]
[WhiteElo "1853"]
[BlackElo "1992"]
[PlyCount "82"]
[EventDate "2016.??.??"]

1. e4 c5 2. Nf3 Nc6 3. d4 cxd4 4. Nxd4 g6 5. Be3 Bg7 6. c3 Nf6 7. f3 O-O 8. Be2
d5 9. Nxc6 bxc6 10. e5 Nd7 11. f4 e6 12. O-O Qc7 13. Nd2 c5 14. Nb3 Bb7 15. Qe1
a5 16. Qf2 Rfc8 17. Rab1 a4 18. Nd2 Ba6 19. Nf3 Bxe2 20. Qxe2 Rab8 21. Qf2 c4
22. Ng5 Nc5 23. Qc2 Qa5 24. h4 h6 25. Nf3 Ne4 26. Nd2 Ng3 27. Rf3 Nf5 28. Bf2
h5 29. b3 cxb3 30. axb3 axb3 31. Rxb3 Rxb3 32. Qxb3 Bf8 33. Kh2 Bc5 34. Qb7 Qc7
35. Qxc7 Rxc7 36. Bxc5 Rxc5 37. g3 Ra5 38. Rd3 Ra2 39. Kh3 Nh6 40. Kg2 Rc2 41.
Kf3 Nf5 1/2-1/2

[Event "SR 3. liga A2 2016/2017"]
[Site "?"]
[Date "2016.12.11"]
[Round "5.6"]
[White "Palka, Miroslav"]
[Black "Lopatievov, Alexander"]
[Result "1/2-1/2"]
[WhiteElo "1952"]
[BlackElo "1860"]
[PlyCount "55"]
[EventDate "2016.??.??"]

1. c4 e6 2. g3 Nf6 3. Bg2 c6 4. d4 d5 5. cxd5 cxd5 6. Nc3 Be7 7. Nf3 Nc6 8. O-O
O-O 9. b3 Ne4 10. Bb2 Nd6 11. Rc1 Bd7 12. a3 b5 13. Qd3 a6 14. e4 b4 15. axb4
Nxb4 16. Qe3 dxe4 17. Nxe4 Nf5 18. Qd2 Bb5 19. Rfd1 Nd3 20. Rb1 Rc8 21. Bc3 Nd6
22. Nxd6 Qxd6 23. Bf1 Nb4 24. Bxb5 axb5 25. Bxb4 Qxb4 26. Qxb4 Bxb4 27. d5 exd5
28. Rxd5 1/2-1/2

[Event "SR 3. liga A2 2016/2017"]
[Site "?"]
[Date "2016.12.11"]
[Round "5.6"]
[White "Bango, Dominik"]
[Black "Palka, Martin"]
[Result "1/2-1/2"]
[WhiteElo "1746"]
[BlackElo "1877"]
[PlyCount "64"]
[EventDate "2016.??.??"]

1. e4 e6 2. d4 d5 3. exd5 exd5 4. Bd3 Nf6 5. Nf3 Be7 6. Be3 O-O 7. O-O Bg4 8.
Nbd2 Nbd7 9. c3 Re8 10. Re1 Nf8 11. Qc2 Bd6 12. Bg5 Rxe1+ 13. Rxe1 h6 14. Bxf6
Qxf6 15. Qb3 c6 16. c4 dxc4 17. Bxc4 Bxf3 18. Nxf3 b6 19. Ne5 Bxe5 20. dxe5 Qe7
21. Qf3 Rc8 22. Qf5 Rc7 23. e6 fxe6 24. Bxe6+ Nxe6 25. Qxe6+ Qxe6 26. Rxe6 Kf7
27. Rd6 c5 28. f3 Ke7 29. Rd2 Ke6 30. Kf2 Ke5 31. Ke3 Re7 32. f4+ Kf5+ 1/2-1/2

[Event "SR 3. liga A2 2016/2017"]
[Site "?"]
[Date "2016.12.11"]
[Round "5.6"]
[White "Skapikova, Lubica"]
[Black "Lezovic, Maros"]
[Result "0-1"]
[WhiteElo "1908"]
[BlackElo "1828"]
[PlyCount "82"]
[EventDate "2016.??.??"]

1. e4 e5 2. Nf3 Nc6 3. Bb5 d6 4. c3 Nf6 5. d3 Bd7 6. O-O Be7 7. Re1 O-O 8. Nbd2
Na5 9. Bxd7 Nxd7 10. Nf1 f5 11. exf5 Rxf5 12. Ng3 Rf7 13. Ne4 Nf8 14. Neg5 Rf5
15. Ne4 Ng6 16. Ng3 Rf7 17. d4 Nc6 18. Qb3 b6 19. Qd5 Qe8 20. Ne4 h6 21. Ng3
Kh8 22. Qe4 Rf8 23. h4 exd4 24. cxd4 Bxh4 25. Qg4 Be7 26. Ne4 Nb4 27. Neg5 Nc2
28. Ne6 Nxe1 29. Nxe1 Rf6 30. Nxc7 Qc8 31. Qxc8+ Rxc8 32. Nd5 Rf7 33. Be3 Bf6
34. b3 Ne7 35. Nf4 Nf5 36. Rd1 Re8 37. Nc2 Nxe3 38. fxe3 Bg5 39. Nd5 Rf5 40.
Nc7 Rc8 41. e4 Rxc7 0-1

[Event "SR 3. liga A2 2016/2017"]
[Site "?"]
[Date "2016.12.11"]
[Round "5.6"]
[White "Gajarsky, Julius"]
[Black "Huska, Branislav"]
[Result "1-0"]
[WhiteElo "1766"]
[BlackElo "1815"]
[PlyCount "75"]
[EventDate "2016.??.??"]

1. d4 Nf6 2. c4 e6 3. Nc3 Bb4 4. Qc2 O-O 5. a3 Bxc3+ 6. bxc3 d6 7. Nf3 h6 8. e4
Nc6 9. Bd3 e5 10. d5 Ne7 11. O-O Nd7 12. Be3 b6 13. h3 Nc5 14. Bxc5 bxc5 15.
Nh2 f5 16. exf5 Nxf5 17. Qd2 Nh4 18. f4 exf4 19. Rxf4 Rxf4 20. Qxf4 Qg5 21.
Qxg5 hxg5 22. Rf1 Bd7 23. Rf2 Rf8 24. Bh7+ Kxh7 25. Rxf8 Ng6 26. Ra8 Ne5 27.
Rxa7 Nxc4 28. Rxc7 Bf5 29. a4 Be4 30. Ng4 Kg6 31. Re7 Bxd5 32. Ne3 Nxe3 33.
Rxe3 Kf5 34. a5 Bc4 35. Kf2 d5 36. Re7 g6 37. Rc7 Ke4 38. Rxc5 1-0

[Event "SR 3. liga A2 2016/2017"]
[Site "?"]
[Date "2016.12.11"]
[Round "5.6"]
[White "Fidericky, Milan"]
[Black "Rau, Vladimir"]
[Result "0-1"]
[WhiteElo "1749"]
[BlackElo "1661"]
[PlyCount "72"]
[EventDate "2016.??.??"]

1. e4 c6 2. d4 d5 3. e5 Bf5 4. Bd3 Bxd3 5. Qxd3 e6 6. f4 Nd7 7. Nf3 Ne7 8. Be3
Qb6 9. b3 g6 10. Nbd2 Bg7 11. O-O O-O 12. g4 Rac8 13. Nh4 f5 14. h3 Qc7 15.
Ndf3 c5 16. Rac1 cxd4 17. Nxd4 Nc5 18. Qd1 Qd7 19. gxf5 gxf5 20. Qh5 Ne4 21.
Kh2 Nc6 22. Rg1 Nxd4 23. Bxd4 Qf7 24. Qf3 Kh8 25. Rg2 a6 26. Qe2 Bh6 27. Qe3
Rg8 28. Rcg1 Qh5 29. Nf3 Rxg2+ 30. Rxg2 Rg8 31. Rxg8+ Kxg8 32. Bb2 Qg6 33. Ne1
Kf7 34. Nd3 Bf8 35. Qg1 Qh5 36. Qg2 Qd1 0-1

[Event "SR 3. liga A2 2016/2017"]
[Site "?"]
[Date "2016.12.11"]
[Round "5.6"]
[White "Vojtkova, Linda"]
[Black "Dest, Stanislav"]
[Result "1/2-1/2"]
[WhiteElo "1238"]
[BlackElo "1406"]
[PlyCount "102"]
[EventDate "2016.??.??"]

1. c4 e5 2. g3 Nf6 3. Bg2 Nc6 4. Nc3 d6 5. d3 Be7 6. Nf3 O-O 7. O-O Rb8 8. Bd2
a6 9. a4 b6 10. b3 Bb7 11. e3 Qc8 12. Nd5 Bd8 13. Ng5 Nd7 14. Ne4 f5 15. Nec3
Ne7 16. e4 c6 17. Nxe7+ Bxe7 18. b4 f4 19. Bf3 Qd8 20. Rb1 fxg3 21. fxg3 Nf6
22. Bg2 Bc8 23. b5 axb5 24. axb5 c5 25. Ra1 Qc7 26. Qe2 Be6 27. Nd5 Nxd5 28.
exd5 Bf7 29. Rf2 Bf6 30. Be4 Qe7 31. Qg4 Kh8 32. Qh3 g6 33. Raf1 Bg7 34. Qh4
Qxh4 35. gxh4 Kg8 36. Ra1 Ra8 37. Rff1 Rxa1 38. Rxa1 Rb8 39. Kg2 Bf6 40. Kg3
Rb7 41. Kg4 Kg7 42. h3 Be8 43. Kg3 Bd7 44. Bf3 Bf5 45. Be4 h5 46. Rf1 Bxe4 47.
dxe4 Ra7 48. Bg5 Rf7 49. Rf3 Bxg5 50. Rxf7+ Kxf7 51. hxg5 Kg7 1/2-1/2

[Event "SR 3. liga A2 2016/2017"]
[Site "?"]
[Date "2017.01.08"]
[Round "6.1"]
[White "Spacek, Oliver"]
[Black "Kavon, Rastislav"]
[Result "1-0"]
[WhiteElo "2113"]
[BlackElo "2216"]
[PlyCount "87"]
[EventDate "2016.??.??"]

1. d4 Nf6 2. Bg5 Ne4 3. Bf4 d6 4. f3 Nf6 5. e4 g6 6. Qd2 Bg7 7. Nc3 O-O 8. Bh6
e5 9. Nge2 Nc6 10. d5 Bxh6 11. Qxh6 Ne7 12. h4 Kh8 13. h5 Neg8 14. Qd2 Bd7 15.
O-O-O b5 16. Re1 a5 17. g4 Qe7 18. Ng3 b4 19. Nd1 g5 20. h6 Ne8 21. Bc4 f6 22.
Nf5 Qf7 23. c3 Bxf5 24. exf5 c5 25. Nf2 Ne7 26. Ne4 Nc8 27. Bb5 Nc7 28. Bc6 Rb8
29. c4 Rd8 30. Kd1 Ne7 31. Ba4 Na8 32. b3 Nb6 33. Bb5 Nbxd5 34. cxd5 Rxb5 35.
Re3 Nxd5 36. Rd3 Nc3+ 37. Nxc3 bxc3 38. Rxd6 Rf8 39. Qxc3 a4 40. Kc2 axb3+ 41.
axb3 c4 42. Qxc4 Qa7 43. Qxb5 Rc8+ 44. Rc6 1-0

[Event "SR 3. liga A2 2016/2017"]
[Site "?"]
[Date "2017.01.08"]
[Round "6.1"]
[White "Lopatievov, Alexander"]
[Black "Hecko, Dusan"]
[Result "0-1"]
[WhiteElo "1869"]
[BlackElo "2059"]
[PlyCount "54"]
[EventDate "2016.??.??"]

1. c4 e5 2. Nc3 Nf6 3. g3 Be7 4. Bg2 O-O 5. e3 c6 6. Nge2 d6 7. O-O Be6 8. b3
Qc8 9. Re1 Bh3 10. Bh1 Nbd7 11. d4 Re8 12. Bb2 Qc7 13. Qc2 Rad8 14. Ne4 Nxe4
15. Bxe4 g6 16. dxe5 dxe5 17. a3 Nc5 18. Bh1 Bf5 19. e4 Bg4 20. b4 Ne6 21. f3
Bh3 22. Rad1 Qb6+ 23. c5 Nxc5 24. Rxd8 Rxd8 25. Rd1 Nd3+ 26. Nd4 Rxd4 27. Rxd3
Rxd3+ 0-1

[Event "SR 3. liga A2 2016/2017"]
[Site "?"]
[Date "2017.01.08"]
[Round "6.1"]
[White "Nemeckay, Rastislav"]
[Black "Gajarsky, Julius"]
[Result "1-0"]
[WhiteElo "1985"]
[BlackElo "1771"]
[PlyCount "67"]
[EventDate "2016.??.??"]

1. e4 c5 2. Nf3 Nc6 3. b3 d6 4. Bb2 e5 5. d3 Be7 6. Nbd2 Be6 7. Nc4 b5 8. Ne3
Nf6 9. g3 O-O 10. Bg2 Qd7 11. Ng5 h6 12. Nxe6 fxe6 13. Bh3 Bd8 14. O-O Nh7 15.
f4 exf4 16. gxf4 Bf6 17. c3 b4 18. Nd5 bxc3 19. Nxf6+ Nxf6 20. Bxc3 Qf7 21. Kh1
Nd4 22. Bxd4 cxd4 23. Rc1 Rac8 24. Qe2 Rxc1 25. Rxc1 e5 26. fxe5 dxe5 27. Rc6
Kh8 28. Be6 Qb7 29. Qc2 Nh5 30. Qc5 Qb8 31. Bf5 Nf4 32. Qe7 Qe8 33. Rxh6+ Kg8
34. Bh7+ 1-0

[Event "SR 3. liga A2 2016/2017"]
[Site "?"]
[Date "2017.01.08"]
[Round "6.1"]
[White "Kozinka, Jan"]
[Black "Diviak, Rastislav"]
[Result "1/2-1/2"]
[WhiteElo "1688"]
[BlackElo "1978"]
[PlyCount "48"]
[EventDate "2016.??.??"]

1. e4 c5 2. Nf3 a6 3. b3 d6 4. Bb2 Nc6 5. d4 cxd4 6. Nxd4 Nf6 7. Nd2 e6 8. Be2
Be7 9. O-O O-O 10. f4 Qb6 11. Nc4 Qc5 12. Kh1 Nxe4 13. Bf3 d5 14. Nxc6 Qxc6 15.
Bxe4 dxe4 16. Qe2 b5 17. Ne5 Qc7 18. Qxe4 Bb7 19. Qe2 Rac8 20. Rac1 Rfd8 21.
Nd3 Bf8 22. Be5 Bd6 23. Bb2 Bf8 24. Be5 Bd6 1/2-1/2

[Event "SR 3. liga A2 2016/2017"]
[Site "?"]
[Date "2017.01.08"]
[Round "6.1"]
[White "Skapik, Branislav"]
[Black "Vagovic, Milan"]
[Result "1-0"]
[WhiteElo "1829"]
[BlackElo "1638"]
[PlyCount "67"]
[EventDate "2016.??.??"]

1. c4 c5 2. Nc3 Nf6 3. g3 e6 4. e4 Nc6 5. Bg2 Be7 6. d3 O-O 7. Nge2 a6 8. O-O
d6 9. a3 Bd7 10. Rb1 Rb8 11. b4 b6 12. f4 e5 13. f5 Nd4 14. Nxd4 cxd4 15. Ne2
b5 16. Bd2 bxc4 17. dxc4 Bc6 18. Qc2 Qb6 19. Qd3 Qb7 20. Bg5 Rfe8 21. Bxf6 Bxf6
22. h4 Bd8 23. Nc1 Be7 24. Nb3 Ba4 25. Rfc1 Rec8 26. Nd2 g5 27. Qf3 gxh4 28. f6
Bf8 29. Qg4+ Kh8 30. Qxh4 Bd7 31. Kf2 Be6 32. Rh1 h6 33. Qg5 Kh7 34. Rxh6+ 1-0

[Event "SR 3. liga A2 2016/2017"]
[Site "?"]
[Date "2017.01.08"]
[Round "6.1"]
[White "Spacek, Marcel"]
[Black "Kramar, Matus"]
[Result "1-0"]
[WhiteElo "1783"]
[BlackElo "1563"]
[PlyCount "83"]
[EventDate "2016.??.??"]

1. d4 d5 2. c4 c6 3. g3 Nf6 4. Bg2 e6 5. Nf3 Be7 6. O-O O-O 7. b3 b6 8. Bb2 Bb7
9. Qc2 Nbd7 10. Nbd2 Rc8 11. Ne5 h6 12. e4 Re8 13. Nxd7 Qxd7 14. e5 Nh7 15. h4
Bf8 16. f4 Rc7 17. c5 Rec8 18. Bh3 g6 19. Nf3 Re8 20. b4 Ba6 21. Rf2 Qc8 22.
Nh2 Qd8 23. h5 g5 24. f5 Qd7 25. Ng4 Qe7 26. fxe6 fxe6 27. Nf6+ Kh8 28. Nxe8
Qxe8 29. Qg6 Re7 30. Rf6 Qxg6 31. hxg6 Nxf6 32. exf6 Re8 33. Re1 Bc8 34. Bc1
bxc5 35. dxc5 a6 36. Bb2 Bg7 37. fxg7+ Kg8 38. Rf1 h5 39. Be5 g4 40. Bg2 d4 41.
Bxc6 Rd8 42. Bf6 1-0

[Event "SR 3. liga A2 2016/2017"]
[Site "?"]
[Date "2017.01.08"]
[Round "6.1"]
[White "Rusnacik, Milan"]
[Black "Trojkova, Michaela"]
[Result "0-1"]
[WhiteElo "1351"]
[BlackElo "1710"]
[PlyCount "106"]
[EventDate "2016.??.??"]

1. d4 f5 2. c4 Nf6 3. Nf3 e6 4. g3 b6 5. Bg2 Bb7 6. Nc3 Be7 7. O-O O-O 8. Qc2
h6 9. Be3 d6 10. Rfd1 Nbd7 11. Rac1 Ne4 12. Qd3 Ndf6 13. Ne1 Nxc3 14. Rxc3 Be4
15. Qd2 Bxg2 16. Nxg2 Ne4 17. Qc1 Nxc3 18. Qxc3 Bg5 19. f4 Bf6 20. Qb3 Qe7 21.
Bf2 Rfd8 22. e3 d5 23. Ne1 dxc4 24. Qxc4 Kh8 25. Nd3 a5 26. a4 Rd5 27. Rc1 Rc8
28. b4 Qd7 29. bxa5 Rxa5 30. Nb2 Be7 31. Be1 Ra7 32. Ra1 Rca8 33. Rc1 Ba3 34.
Rc2 Bxb2 35. Rxb2 Rxa4 36. Qb3 Ra3 37. Qc2 Rxe3 38. Bf2 Ra1+ 39. Rb1 Rxb1+ 40.
Qxb1 Ra3 41. Qb2 Qa4 42. Qd2 Ra2 43. Qe3 Qc2 44. h4 Qxf2+ 45. Qxf2 Rxf2 46.
Kxf2 Kg8 47. Ke3 Kf8 48. Kd3 Ke7 49. Kc4 Kd6 50. h5 c6 51. Kd3 Kd5 52. Ke3 b5
53. Kd3 b4 0-1

[Event "SR 3. liga A2 2016/2017"]
[Site "?"]
[Date "2017.01.08"]
[Round "6.2"]
[White "Puskar, Peter"]
[Black "Gasa, Andrej"]
[Result "1/2-1/2"]
[WhiteElo "2224"]
[BlackElo "2280"]
[PlyCount "70"]
[EventDate "2016.??.??"]

1. d4 Nf6 2. Nf3 e6 3. g3 b5 4. Bg2 Bb7 5. O-O d5 6. Qd3 a6 7. a4 b4 8. Bf4 c5
9. dxc5 Bxc5 10. c4 Nbd7 11. Nbd2 O-O 12. Ne5 dxc4 13. Ndxc4 Bxg2 14. Kxg2 Nxe5
15. Qxd8 Rfxd8 16. Bxe5 Ne4 17. Rac1 Ba7 18. Bc7 Rdc8 19. Nd6 Nxd6 20. Bxd6 b3
21. e3 Bb6 22. Kf3 Bd8 23. Be5 f6 24. Bd6 Ba5 25. Ke2 Kf7 26. Bc5 Rc6 27. Bd4
Rac8 28. Rxc6 Rxc6 29. Kd3 Rc2 30. h4 h5 31. e4 e5 32. Bc3 Bxc3 33. bxc3 Ra2
34. Rb1 Rxa4 35. Rxb3 Ra2 1/2-1/2

[Event "SR 3. liga A2 2016/2017"]
[Site "?"]
[Date "2017.01.08"]
[Round "6.2"]
[White "Pagerka, Martin"]
[Black "Kolenak, Matus"]
[Result "1-0"]
[WhiteElo "2331"]
[BlackElo "1979"]
[PlyCount "45"]
[EventDate "2016.??.??"]

1. e4 c5 2. Nf3 Nc6 3. d4 cxd4 4. Nxd4 Nf6 5. Nc3 a6 6. Nxc6 bxc6 7. e5 Ng8 8.
Bc4 d5 9. exd6 exd6 10. O-O d5 11. Nxd5 cxd5 12. Bxd5 Be6 13. Bc6+ Bd7 14. Re1+
Ne7 15. Bxa8 Qxa8 16. Bg5 Be6 17. c4 h6 18. Bh4 Qc8 19. Qa4+ Qc6 20. Qa5 g5 21.
Rad1 f6 22. Bg3 Ng6 23. Qd5 1-0

[Event "SR 3. liga A2 2016/2017"]
[Site "?"]
[Date "2017.01.08"]
[Round "6.2"]
[White "Sturdik, Igor"]
[Black "Sebesta, Radovan"]
[Result "1/2-1/2"]
[WhiteElo "1984"]
[BlackElo "1988"]
[PlyCount "61"]
[EventDate "2016.??.??"]

1. e4 c5 2. Nf3 Nc6 3. d4 cxd4 4. Nxd4 g6 5. Nc3 Bg7 6. Be3 Nf6 7. Bc4 O-O 8.
Bb3 Qa5 9. f3 d6 10. Qd2 Nxd4 11. Bxd4 Be6 12. O-O-O Bxb3 13. cxb3 Rfc8 14. Kb1
Qc7 15. h4 h5 16. g4 Qd7 17. g5 Ne8 18. Bxg7 Nxg7 19. Nd5 Rc5 20. b4 Rc6 21. e5
Nf5 22. b5 Rc5 23. exd6 Qxd6 24. Rhe1 Qg3 25. Nxe7+ Nxe7 26. Rxe7 Qxf3 27. Qd3
Qxd3+ 28. Rxd3 Rxb5 29. Rdd7 Rf5 30. Rxb7 a5 31. a3 1/2-1/2

[Event "SR 3. liga A2 2016/2017"]
[Site "?"]
[Date "2017.01.08"]
[Round "6.2"]
[White "Palka, Miroslav"]
[Black "Mosny, Jaroslav"]
[Result "1/2-1/2"]
[WhiteElo "1949"]
[BlackElo "1964"]
[PlyCount "47"]
[EventDate "2016.??.??"]

1. c4 e5 2. Nc3 Nf6 3. g3 Be7 4. Bg2 O-O 5. e4 c5 6. Nge2 Nc6 7. O-O d6 8. a3
Be6 9. d3 a6 10. Rb1 Rb8 11. Nd5 b5 12. Bd2 Qd7 13. b4 Bh3 14. bxc5 dxc5 15.
cxb5 axb5 16. Nec3 Bxg2 17. Kxg2 Nd4 18. Be3 Nxd5 19. Nxd5 f5 20. Bxd4 cxd4 21.
Qb3 Kh8 22. Rfc1 fxe4 23. dxe4 Bd6 24. Rc2 1/2-1/2

[Event "SR 3. liga A2 2016/2017"]
[Site "?"]
[Date "2017.01.08"]
[Round "6.2"]
[White "Doucha, Ludvig"]
[Black "Palka, Martin"]
[Result "1/2-1/2"]
[WhiteElo "1919"]
[BlackElo "1873"]
[PlyCount "58"]
[EventDate "2016.??.??"]

1. e4 c5 2. c4 d6 3. Ne2 Nf6 4. Nbc3 e6 5. d4 cxd4 6. Nxd4 Be7 7. Be2 a6 8. Be3
O-O 9. O-O Bd7 10. Qd2 Nc6 11. Rfb1 Rc8 12. Nxc6 Bxc6 13. f3 Qc7 14. b4 Rfd8
15. Rc1 Be8 16. Rab1 Qb8 17. Qe1 d5 18. Bb6 Rd7 19. exd5 exd5 20. cxd5 Nxd5 21.
Nxd5 Rxd5 22. Rxc8 Qxc8 23. Rc1 Qe6 24. Bc7 Qe3+ 25. Kf1 Bxb4 26. Bc4 Qxe1+ 27.
Rxe1 Bxe1 28. Bxd5 Bb4 29. Bxb7 Bb5+ 1/2-1/2

[Event "SR 3. liga A2 2016/2017"]
[Site "?"]
[Date "2017.01.08"]
[Round "6.2"]
[White "Lauko, Tomas"]
[Black "Bukovsky, Milan"]
[Result "0-1"]
[WhiteElo "1721"]
[BlackElo "1914"]
[PlyCount "56"]
[EventDate "2016.??.??"]

1. e4 e5 2. Nf3 Nc6 3. Bc4 Nf6 4. Nc3 Nxe4 5. Nxe4 d5 6. Bb5 dxe4 7. Nxe5 Qd5
8. Nxc6 Qxb5 9. Nd4 Qg5 10. g3 Bg4 11. d3 Qh5 12. Qd2 O-O-O 13. Ne2 exd3 14.
Nf4 Qe5+ 15. Qe3 Qa5+ 16. Bd2 Bb4 17. Bxb4 Qxb4+ 18. Kf1 dxc2 19. h3 Rhe8 20.
Qxe8 Rxe8 21. hxg4 Qxb2 22. Kg2 Qd4 23. Rac1 g5 24. Nh3 f6 25. Kh2 Re2 26. Rhf1
Rd2 27. Kg2 Rd1 28. Rxc2 Qe4+ 0-1

[Event "SR 3. liga A2 2016/2017"]
[Site "?"]
[Date "2017.01.08"]
[Round "6.2"]
[White "Puskas, Miroslav"]
[Black "Fidericky, Milan"]
[Result "1/2-1/2"]
[WhiteElo "1902"]
[BlackElo "1748"]
[PlyCount "49"]
[EventDate "2016.??.??"]

1. e4 e5 2. Bc4 Nf6 3. d3 Nc6 4. Nf3 h6 5. O-O Bc5 6. c3 d6 7. b4 Bb6 8. a4 a5
9. b5 Ne7 10. Nbd2 O-O 11. h3 Ng6 12. d4 c6 13. Ba3 Re8 14. Qb3 Be6 15. bxc6
bxc6 16. dxe5 dxe5 17. Rad1 Qc7 18. Bxe6 Rxe6 19. Nc4 Rb8 20. Qc2 c5 21. Bc1
Qc6 22. Nxb6 Qxb6 23. Be3 Qc6 24. Nd2 c4 25. f3 1/2-1/2

[Event "SR 3. liga A2 2016/2017"]
[Site "?"]
[Date "2017.01.08"]
[Round "6.2"]
[White "Bendzela, Tibor"]
[Black "Bahna, Jan"]
[Result "1-0"]
[WhiteElo "1683"]
[BlackElo "1856"]
[PlyCount "77"]
[EventDate "2016.??.??"]

1. e4 e5 2. d4 exd4 3. Qxd4 Nc6 4. Qe3 d6 5. Nc3 Nf6 6. Bd2 Be7 7. O-O-O h6 8.
f3 Be6 9. Be2 a5 10. Kb1 a4 11. Bb5 a3 12. b3 Kf8 13. g4 Ne5 14. h4 Nfd7 15.
Qf2 c6 16. Be2 Ng6 17. h5 Nge5 18. Qg3 Nc4 19. Bc1 Qb6 20. f4 f6 21. g5 Ra5 22.
Nh3 Qb4 23. Bxc4 Bxc4 24. Bd2 Qb6 25. Nd5 Rxd5 26. exd5 Bxd5 27. Rhe1 hxg5 28.
fxg5 Ne5 29. gxf6 Bxf6 30. Rf1 Rxh5 31. Nf4 Rg5 32. Qh3 Nf3 33. Nxd5 Nxd2+ 34.
Rxd2 cxd5 35. Qc8+ Kf7 36. Qd7+ Kf8 37. Rh1 Rg1+ 38. Rd1 Rxd1+ 39. Rxd1 {time}
1-0